| 000 | 01552cam a22003015a 4500 | ||
|---|---|---|---|
| 001 | 18811176 | ||
| 005 | 20171026115135.0 | ||
| 008 | 151007t2017 paua frb 001 0 eng d | ||
| 020 | _a9780323358903 | ||
| 040 |
_aDNLM/DLC _beng _cDLC _dDLC _dEG-ScBUE _dEG-ScBUE |
||
| 082 | 0 | 4 |
_a610.73 _bALF _222 |
| 100 | 1 |
_aAlfaro-LeFevre, Rosalinda. _912241 |
|
| 245 | 1 | 0 |
_aCritical thinking, clinical reasoning, and clinical judgment : _ba practical approach / _cRosalinda Alfaro-Lefevre. |
| 250 | _a6th ed. | ||
| 260 |
_aPhiladelphia : _bElsevier, _cc.2017. |
||
| 300 |
_axxi, 264 p. : _bill. ; _c24 cm. |
||
| 500 | _aEvolve study resources free with textbook purchase "EVOLVE.ELSEVIER.COM" | ||
| 504 | _aIncludes bibliographical references and index. | ||
| 505 | 0 | _aWhat are critical thinking, clinical reasoning, and clinical judgment? -- Developing critical thinking -- Critical thinking and learning cultures : teaching, learning, and taking tests -- Clinical reasoning and clinical judgment -- Ethical reasoning, evidence-based practice, and quality improvement-- Practicing clinical reasoning skills : applying the nursing process -- Interpersonal, teamwork, and self-management skills. | |
| 650 | 7 |
_aNursing Process. _2BUEsh _94471 |
|
| 650 | 7 |
_aClinical competence. _2BUEsh _937655 |
|
| 650 | 7 |
_aDecision making. _2BUEsh _912112 |
|
| 651 | _2BUEsh | ||
| 653 |
_bNNUR _cApril2017 _cOctober2017 |
||
| 655 |
_vText book _933728 |
||
| 856 |
_lEvolve study resources free with textbook purchase _uhttp://evolve.elsevier.com/Alfaro-LeFevre/ct |
||
| 942 | _2ddc | ||
| 999 |
_c24683 _d24655 |
||